00443nam a22001695i 450000100060000000300090000600500170001500700030003200800410003504000200007610000210009624500460011725000130016326000540017630000200023085200230025054763ES-MaACL20230906163022.0t|960729s1873 fr ||||1| fre d aCAM bspa cCAM1 aGaboriau, Emile.13aLa dégringolade / cpar Emile Gaboriau. a2e éd. aParis : bE. Dentu, c1873 (fimp. de E. Donnaud) a2 v. ; c19 cm. aES-MaACLjD-3166-7